[Event "Chicago op 31st"]
[Site "Chicago"]
[Date "2022.05.30"]
[Round "9"]
[White "Lin, Andy"]
[Black "Plotkin, Mark"]
[Result "1/2-1/2"]
[WhiteElo "2251"]
[BlackElo "2350"]
[PlyCount "103"]
[EventDate "2022.05.26"]
[EventType "swiss"]
[EventRounds "9"]
[EventCountry "USA"]
[SourceTitle "CBM 208 Extra"]
[Source "ChessBase"]
[SourceDate "2022.07.31"]
[SourceVersion "1"]
[SourceVersionDate "2022.07.31"]
[SourceQuality "1"]

1. Nf3 g6 2. d4 d5 3. g3 Bg7 4. Bg2 Nf6 5. c4 0-0 6. cxd5 Nxd5 7. 0-0 Nc6 8. Nc3 Nb6 9. d5 Na5 10. Qc2 c6 11. dxc6 Nxc6 12. Rd1 Qe8 13. Qe4 Bf5 14. Qh4 f6 15. g4 Bc2 16. Rd2 g5 17. Qg3 Bg6 18. Nb5 Rd8 19. Rxd8 Qxd8 20. Be3 e5 21. h4 h6 22. hxg5 hxg5 23. Nd2 Rf7 24. Be4 Bxe4 25. Nxe4 Bf8 26. Qf3 a6 27. Nbc3 Nc4 28. Rd1 Qc8 29. Nd5 Be7 30. Nxe7+ Nxe7 31. Rc1 Qe6 32. Nc5 e4 33. Nxe6 exf3 34. Rxc4 fxe2 35. Rc1 Nd5 36. Nd4 Re7 37. Nxe2 Re4 38. Kg2 Rxg4+ 39. Kf3 Rb4 40. b3 Kf7 41. Rc4 Rxc4 42. bxc4 Nb4 43. Nc3 Ke6 44. Ke2 Ke5 45. f3 Nc6 46. c5 Nd4+ 47. Kf2 Nc2 48. Ne4 g4 49. Nxf6 gxf3 50. Ne8 Nxe3 51. Kxe3 Kd5 52. Nd6 1/2-1/2

[Event "Chicago op 31st"]
[Site "Wheeling"]
[Date "2022.05.26"]
[Round "1"]
[White "Lin, Andy"]
[Black "Sawhney, Yuvraj Singh"]
[Result "1-0"]
[WhiteElo "2251"]
[BlackElo "1421"]
[PlyCount "53"]
[EventDate "2022.05.26"]
[EventType "swiss"]
[EventRounds "9"]
[EventCountry "USA"]
[SourceTitle "EXT 2024"]
[Source "ChessBase"]
[SourceDate "2023.10.10"]
[SourceVersion "1"]
[SourceVersionDate "2023.10.10"]
[SourceQuality "1"]

1. d4 d5 2. Nf3 Nf6 3. g3 Bf5 4. Bg2 Nc6 5. 0-0 e6 6. c4 Be7 7. cxd5 exd5 8. Nc3 0-0 9. Bf4 Bd6 10. Bg5 Be6 11. Rc1 h6 12. Bxf6 Qxf6 13. e4 dxe4 14. Nxe4 Qf5 15. Nh4 Qb5 16. d5 g5 17. dxe6 gxh4 18. Qg4+ Kh8 19. Qxh4 fxe6 20. Qxh6+ Kg8 21. Qxe6+ Kg7 22. Nxd6 cxd6 23. Bxc6 bxc6 24. Rc4 Rad8 25. Rg4+ Qg5 26. Rxg5+ Kh7 27. Qh3# 1-0

[Event "World Corporate West B"]
[Site "Chess.com INT"]
[Date "2021.02.21"]
[Round "6.2"]
[White "Lin, Andy"]
[Black "Weiss, Philip"]
[Result "1-0"]
[WhiteElo "2229"]
[BlackElo "1560"]
[PlyCount "55"]
[EventDate "2021.02.20"]
[EventType "team (rapid)"]
[EventRounds "7"]
[EventCountry "USA"]
[SourceTitle "CBM 200 Extra"]
[Source "ChessBase"]
[SourceDate "2021.03.31"]
[SourceVersion "1"]
[SourceVersionDate "2021.03.31"]
[SourceQuality "1"]
[WhiteTeam "American Express"]
[BlackTeam "Airbnb California"]
[WhiteTeamCountry "USA"]
[BlackTeamCountry "USA"]

1. d4 g6 2. e4 Bg7 3. Be3 d6 4. Nc3 Nc6 5. Nge2 Nf6 6. f3 0-0 7. Qd2 a6 8. g4 b5 9. Ng3 Nd7 10. 0-0-0 e5 11. d5 Nd4 12. Bxd4 exd4 13. Nce2 Ne5 14. Nxd4 Qf6 15. g5 Qe7 16. h4 f6 17. f4 fxg5 18. fxe5 Bxe5 19. Nc6 Qe8 20. Nxe5 Qxe5 21. Qxg5 Qg7 22. h5 Rf6 23. Bd3 Bb7 24. Rdg1 Raf8 25. Nf5 Rxf5 26. exf5 Bxd5 27. fxg6 hxg6 28. Qxd5+ 1-0

[Event "North American op 28th"]
[Site "Las Vegas"]
[Date "2018.12.27"]
[Round "4"]
[White "Encinas Varela, David"]
[Black "Lin, Andy"]
[Result "0-1"]
[WhiteElo "1885"]
[BlackElo "2241"]
[PlyCount "86"]
[EventDate "2018.12.26"]
[EventType "swiss"]
[EventRounds "9"]
[EventCountry "USA"]
[SourceTitle "CBM 188 Extra"]
[Source "ChessBase"]
[SourceDate "2019.02.26"]
[SourceVersion "1"]
[SourceVersionDate "2019.02.26"]
[SourceQuality "1"]

1. e4 e6 2. d4 d5 3. e5 c5 4. c3 Nc6 5. Nf3 Qb6 6. a3 c4 7. g3 Na5 8. Nbd2 Bd7 9. h4 Ne7 10. Bh3 Qc7 11. 0-0 Nc8 12. Ne1 Be7 13. f4 f5 14. Ng2 Nb6 15. Ne3 0-0-0 16. Nf3 h6 17. Kh2 g6 18. Bd2 Rdg8 19. g4 fxg4 20. Nxg4 Nb3 21. Rb1 Qd8 22. Be1 g5 23. h5 gxf4 24. Nd2 Rf8 25. Nxb3 cxb3 26. Bd2 Bg5 27. Nf6 Bxf6 28. exf6 Rxf6 29. Bxf4 Rhf8 30. Bg3 Rxf1 31. Bxf1 Qg5 32. Bh3 Nc4 33. Qe2 Nd2 34. Bxe6 Nxb1 35. Bxd7+ Kxd7 36. Qb5+ Ke6 37. Qe2+ Kf7 38. Qf1+ Kg8 39. Qxb1 Qxh5+ 40. Kg2 Qf3+ 41. Kh2 Qe4 42. Qg1 Qe2+ 43. Kh3 Rf1 0-1

[Event "North American op 28th"]
[Site "Las Vegas"]
[Date "2018.12.27"]
[Round "3"]
[White "Lin, Andy"]
[Black "Balakrishnan, Praveen"]
[Result "0-1"]
[WhiteElo "2241"]
[BlackElo "2418"]
[PlyCount "92"]
[EventDate "2018.12.26"]
[EventType "swiss"]
[EventRounds "9"]
[EventCountry "USA"]
[SourceTitle "CBM 188 Extra"]
[Source "ChessBase"]
[SourceDate "2019.02.26"]
[SourceVersion "1"]
[SourceVersionDate "2019.02.26"]
[SourceQuality "1"]

1. Nf3 d5 2. g3 Bg4 3. Bg2 Nd7 4. 0-0 c6 5. h3 Bh5 6. d4 Ngf6 7. c4 e6 8. cxd5 exd5 9. Qb3 Qb6 10. Qe3+ Be7 11. Nh4 Bg6 12. Nc3 Qd8 13. Bd2 0-0 14. Nxg6 hxg6 15. Qd3 Nb6 16. b3 Ba3 17. Rab1 a5 18. Na4 Nfd7 19. h4 Re8 20. Bf3 Nc8 21. Bf4 Bd6 22. Bd2 Bb4 23. Bf4 Nd6 24. Bxd6 Bxd6 25. Kg2 Nf6 26. Nc3 Qe7 27. e3 Bb4 28. Qc2 Qd6 29. Rbd1 Re7 30. e4 Bxc3 31. e5 Rxe5 32. dxe5 Qxe5 33. Rc1 d4 34. Qd3 Qf5 35. Qc4 Re8 36. Rfd1 Re5 37. Rb1 Nd7 38. a3 Re7 39. Qf1 Ne5 40. Be2 Qe4+ 41. Kg1 Nf3+ 42. Bxf3 Qxf3 43. Rd3 Qe2 44. Qd1 Qa2 45. a4 Re2 46. Qf1 Rxf2 0-1

[Event "Southwest op 84th"]
[Site "Irving"]
[Date "2018.09.03"]
[Round "8"]
[White "Lin, Andy"]
[Black "Kumar, Naman"]
[Result "1-0"]
[WhiteElo "2274"]
[BlackElo "1914"]
[PlyCount "79"]
[EventDate "2018.08.30"]
[EventType "swiss"]
[EventRounds "9"]
[EventCountry "USA"]
[SourceTitle "CBM 186 Extra"]
[Source "ChessBase"]
[SourceDate "2018.08.24"]
[SourceVersion "1"]
[SourceVersionDate "2018.08.24"]
[SourceQuality "1"]

1. Nf3 Nf6 2. g3 g6 3. b3 Bg7 4. Bb2 0-0 5. Bg2 d6 6. d4 Nbd7 7. 0-0 e5 8. dxe5 Ng4 9. Qd2 Rb8 10. c4 Ngxe5 11. Nd4 Nc5 12. Nc3 Ne6 13. Nc2 a6 14. Ne3 f5 15. f4 Nc6 16. Na4 Re8 17. Bxg7 Nxg7 18. Qc3 Bd7 19. Nd5 Rxe2 20. Rfe1 Rxe1+ 21. Rxe1 Be6 22. Nb2 Ne7 23. Rxe6 Nxe6 24. Qf6 Nxd5 25. Qxe6+ Kg7 26. Qxd5 Qf6 27. Qd2 c6 28. Nd1 Re8 29. Kf2 Qe6 30. Qd4+ Kf7 31. Ne3 a5 32. Bf3 h5 33. h3 Re7 34. Be2 Qf6 35. Qd2 Re4 36. Bf3 Rd4 37. Qe2 b5 38. cxb5 cxb5 39. Nd5 Qd8 40. Qe3 1-0

[Event "Southwest op 84th"]
[Site "Irving"]
[Date "2018.08.31"]
[Round "3"]
[White "Gutman, Joshua"]
[Black "Lin, Andy"]
[Result "0-1"]
[WhiteElo "2031"]
[BlackElo "2274"]
[PlyCount "150"]
[EventDate "2018.08.30"]
[EventType "swiss"]
[EventRounds "9"]
[EventCountry "USA"]
[SourceTitle "CBM 186 Extra"]
[Source "ChessBase"]
[SourceDate "2018.08.24"]
[SourceVersion "1"]
[SourceVersionDate "2018.08.24"]
[SourceQuality "1"]

1. d4 d5 2. c4 e6 3. Nf3 c6 4. Qc2 dxc4 5. Qxc4 Nf6 6. g3 b5 7. Qc2 Bb7 8. Bg2 Nbd7 9. Ne5 Nd5 10. 0-0 Rc8 11. e4 Nb4 12. Qe2 Nxe5 13. dxe5 Qd3 14. Nc3 Qxe2 15. Nxe2 Nd3 16. Rd1 Nxe5 17. Bf4 Ng6 18. Be3 a6 19. f4 c5 20. Rac1 Be7 21. h4 Nf8 22. Rd2 Nd7 23. Nc3 Nb6 24. b3 0-0 25. Rcd1 Rc7 26. Kf2 Rfc8 27. Ne2 Kf8 28. h5 Ke8 29. Rc2 Nd7 30. e5 Bxg2 31. Kxg2 f6 32. h6 g6 33. exf6 Nxf6 34. Kf3 Bf8 35. Rdc1 Nd5 36. Bf2 Nb4 37. Rd2 Bxh6 38. Nc3 Bf8 39. a3 Nc6 40. Ne4 Na5 41. Rc3 Be7 42. Rdc2 Nb7 43. Bd4 Rc6 44. Be5 c4 45. b4 a5 46. Nf6+ Bxf6 47. Bxf6 axb4 48. axb4 R6c7 49. g4 Nd8 50. Re3 Kf7 51. Bc3 Rd7 52. Ke4 Nc6 53. Rh3 Kg8 54. Rch2 Rf8 55. Rh6 Nd8 56. R6h3 Rff7 57. Ra2 Ra7 58. Rxa7 Rxa7 59. Ke5 Rd7 60. Kf6 Kf8 61. Ke5 Rf7 62. Rh2 Ke8 63. Rf2 h5 64. gxh5 Rf5+ 65. Kd6 Rd5+ 66. Kc7 gxh5 67. Rg2 Nf7 68. Bf6 Nd6 69. Be5 Nf5 70. Rg8+ Kf7 71. Rh8 h4 72. Kc6 Rxe5 73. fxe5 c3 74. Kxb5 c2 75. Rc8 h3 0-1

[Event "Las Vegas National op"]
[Site "Las Vegas"]
[Date "2018.06.22"]
[Round "3"]
[White "Lin, Andy"]
[Black "Wu, Rochelle"]
[Result "0-1"]
[WhiteElo "2247"]
[BlackElo "2042"]
[PlyCount "108"]
[EventDate "2018.06.21"]
[EventType "swiss"]
[EventRounds "7"]
[EventCountry "USA"]
[SourceTitle "CBM 185 Extra"]
[Source "ChessBase"]
[SourceDate "2018.07.29"]
[SourceVersion "1"]
[SourceVersionDate "2018.07.29"]
[SourceQuality "1"]

1. Nf3 Nf6 2. g3 d5 3. Bg2 c6 4. 0-0 Bg4 5. d3 Nbd7 6. Qe1 e5 7. e4 dxe4 8. dxe4 Bc5 9. Nbd2 0-0 10. h3 Bh5 11. Nh4 Re8 12. a4 a5 13. Nb3 Bb6 14. Nf5 Nf8 15. Ne3 Ne6 16. Nc4 Bc7 17. f3 Nd7 18. Bd2 b6 19. Rd1 Qe7 20. Ne3 Bg6 21. Kh1 Rad8 22. Qf2 Ndc5 23. Nxc5 Qxc5 24. c3 b5 25. b4 Qb6 26. axb5 Qxb5 27. c4 Qa6 28. bxa5 Bxa5 29. Bxa5 Qxa5 30. f4 exf4 31. gxf4 Bh5 32. Rxd8 Qxd8 33. Nf5 Qd3 34. Ng3 Bd1 35. e5 Bb3 36. Bxc6 Rd8 37. Be4 Qxc4 38. Qg2 h6 39. Nh5 Rd2 40. Qxd2 Qxf1+ 41. Kh2 Qd1 42. Qb4 Qe2+ 43. Kg3 Qe3+ 44. Kg2 Bd1 45. Qb8+ Nf8 46. Bh7+ Kxh7 47. Qb1+ Ng6 48. Qxd1 Nh4+ 49. Kf1 Qxh3+ 50. Kf2 Qg2+ 51. Ke3 Nf5+ 52. Kd3 Qd5+ 53. Ke2 Qxd1+ 54. Kxd1 Kg6 0-1

[Event "North American op 27th"]
[Site "Las Vegas"]
[Date "2017.12.28"]
[Round "5"]
[White "Lin, Andy"]
[Black "Kretchetov, Alexandre"]
[Result "1-0"]
[WhiteElo "2144"]
[BlackElo "2264"]
[PlyCount "93"]
[EventDate "2017.12.26"]
[EventType "swiss"]
[EventRounds "9"]
[EventCountry "USA"]
[SourceTitle "CBM 182 Extra"]
[Source "ChessBase"]
[SourceDate "2018.02.23"]
[SourceVersion "1"]
[SourceVersionDate "2018.02.23"]
[SourceQuality "1"]

1. Nf3 g6 2. d4 Bg7 3. e4 c6 4. h3 d6 5. a4 a5 6. Bc4 Nf6 7. Qe2 0-0 8. e5 Nd5 9. 0-0 Nc7 10. Rd1 b6 11. Nbd2 d5 12. Bd3 Ba6 13. Bxa6 Nbxa6 14. Nf1 Qc8 15. Ne3 f5 16. b3 f4 17. Ng4 Qf5 18. Ba3 Rae8 19. Nh4 Qe6 20. Nh2 c5 21. c3 Qc6 22. N4f3 Rd8 23. Rac1 Rfe8 24. c4 dxc4 25. Rxc4 Qd5 26. Rd2 Qb7 27. dxc5 bxc5 28. Rxd8 Rxd8 29. Bxc5 Ne6 30. Ba3 Qxb3 31. Bxe7 Qd1+ 32. Qf1 Rd3 33. Bd6 Qb3 34. Rc1 Nb4 35. Rb1 Qd5 36. Qe2 Na2 37. Qc2 Bf8 38. Bxf8 Nxf8 39. Ng4 Rc3 40. Nf6+ Kh8 41. Nxd5 Rxc2 42. Rb8 Kg7 43. Rb7+ Kh6 44. Nf6 g5 45. Rf7 Ne6 46. Ng4+ Kh5 47. Rf6 1-0

[Event "Irvine Orange Pumpkin op"]
[Site "Irvine"]
[Date "2016.10.29"]
[Round "4"]
[White "Lin, Andy"]
[Black "Cuarta Garcia, Braulio"]
[Result "1-0"]
[WhiteElo "2005"]
[BlackElo "2150"]
[PlyCount "66"]
[EventDate "2016.10.28"]
[EventType "swiss"]
[EventRounds "6"]
[EventCountry "USA"]
[SourceTitle "EXT 2018"]
[Source "ChessBase"]
[SourceDate "2017.10.13"]
[SourceVersion "1"]
[SourceVersionDate "2017.10.13"]
[SourceQuality "1"]

1. Nf3 Nf6 2. g3 b6 3. Bg2 Bb7 4. 0-0 c5 5. c4 e6 6. b3 Be7 7. Nc3 0-0 8. Bb2 a6 9. e3 d5 10. cxd5 Nxd5 11. d4 cxd4 12. Nxd5 Bxd5 13. Nxd4 Bxg2 14. Kxg2 Ra7 15. Qg4 Bf6 16. Rfd1 Rd7 17. Rac1 Kh8 18. a4 Qe7 19. Nc6 Nxc6 20. Bxf6 gxf6 21. Rxc6 b5 22. Rxd7 Qxd7 23. Qf3 f5 24. Rxa6 bxa4 25. Ra8 Rxa8 26. Qxa8+ Kg7 27. bxa4 e5 28. e4 f4 29. Qd5 Qc7 30. a5 Qc3 31. gxf4 exf4 32. a6 Qa1 33. Qb5 h6 1-0